| 000 | 01208cab a2200265 4500 | ||
|---|---|---|---|
| 001 | ABS58214 | ||
| 008 | 090401t1997 xxu||||| |||| 00| 0 eng d | ||
| 035 | _a(Sirsi) u83509 | ||
| 041 | _aeng | ||
| 100 | _aPrice, A. | ||
| 245 | _aRisk and risk management in project related finance | ||
| 260 | _c1997 | ||
| 350 | _a0 | ||
| 490 |
_aJournal of Construction Procurement _v3(3) November 1997, 27-46(20) |
||
| 520 | _aIntroduces the concept of Project Related Finance and discusses the main issues that lending banks should take into account when a providing a finance package. Based on research that investigated the use of Project Related Finance for funding construction projects in the United Arab Emirates. The main areas of risk are identified and the use of guarantees to shift specific risks to interested parties is discussed. Three case studies demonstrate the assessment process. References. (Taken from journal abstract) | ||
| 650 | _aBANKS | ||
| 650 | _aCONSTRUCTION PROJECTS | ||
| 650 | _aPROJECT RELATED FINANCE | ||
| 650 | _aRISK MANAGEMENT | ||
| 650 | _aUAE | ||
| 650 | _aUNITED ARAB EMIRATES | ||
| 690 |
_aProject management _96261 |
||
| 942 | _n0 | ||
| 948 | _c04/02/1998 | ||
| 999 |
_c52743 _d52743 |
||